Οι επιπτώσεις της ψηφιοποίησης στην αγορά εργασίας
Αποθηκεύτηκε σε:
| Κύριος συγγραφέας: | |
|---|---|
| Άλλοι συγγραφείς: | , |
| Μορφή: | Βιβλίο |
| Γλώσσα: | Greek |
| Δημοσίευση: |
Αθήνα :
Ινστιτούτο Εργασίας Γ.Σ.Ε.Ε.
2020.
|
| Σειρά: | (Μελέτες) ;
46 |
| Θέματα: | |
| Ετικέτες: |
Προσθήκη ετικέτας
Δεν υπάρχουν, Καταχωρήστε ετικέτα πρώτοι!
|
MARC
| LEADER | 00000cam a2200000 a 4500 | ||
|---|---|---|---|
| 001 | 1/121306 | ||
| 008 | 200505s2020####gr |||||||||||||| ||gre|| | ||
| 020 | |a 9789607402660 | ||
| 040 | |a GR-MyUa |b gre |c GR-MyUa |e AACR2 | ||
| 041 | 0 | |a gre | |
| 082 | 7 | |a 331.12 |2 (23) | |
| 100 | 1 | |a Λαπατσιώρας, Σπύρος, |d 1964- | |
| 245 | 1 | 3 | |a Οι επιπτώσεις της ψηφιοποίησης στην αγορά εργασίας / |c Σπύρος Λαπατσιώρας, Γιάννης Μηλιός, Παναγιώτης Μιχαηλίδης. |
| 260 | |a Αθήνα : |b Ινστιτούτο Εργασίας Γ.Σ.Ε.Ε. |c 2020. | ||
| 300 | |a 194 σ. : |b πιν. ; |c 24 εκ. | ||
| 490 | 0 | |a (Μελέτες) ; |v 46 | |
| 504 | |a Περιλαμβάνει βιβλιογραφία. | ||
| 650 | 0 | |a Labor market |z Greece. | |
| 700 | 1 | |a Μηλιός, Γιάννης, |d 1952- | |
| 700 | 1 | |a Μιχαηλίδης, Παναγιώτης. | |
| 852 | |a INST |b LESVOS |e 20200505 |h 331.12 ΛΑΠ |p 005100062473 |q 005100062473 |t BK |y 0 | ||
| 920 | |a Ινστιτούτο Εργασίας Γ.Σ.Ε.Ε. |y Λέσβος |z 2020-02 | ||
| 970 | |a Καμάτσου |b Δέσποινα |z 05-05-2020 | ||